[Event "ARG-ch sf U1700"]
[Site "San Luis"]
[Date "2016.07.09"]
[Round "3.3"]
[White "Tejada, Gonzalo"]
[Black "Gomez Reyes, Solana"]
[Result "0-1"]
[WhiteElo "1359"]
[BlackElo "1560"]
[PlyCount "62"]
[EventDate "2016.07.08"]
[EventType "swiss"]
[EventRounds "7"]
[EventCountry "ARG"]
[SourceTitle "EXT 2024"]
[Source "ChessBase"]
[SourceDate "2023.10.10"]
[SourceVersion "1"]
[SourceVersionDate "2023.10.10"]
[SourceQuality "1"]

1. d4 d5 2. c4 e6 3. Nc3 c6 4. Bf4 Nd7 5. e3 Be7 6. Bd3 a6 7. a4 Ngf6 8. Nf3 dxc4 9. Bxc4 Nb6 10. Ne5 Nxc4 11. Nxc4 Nd5 12. Be5 Nxc3 13. bxc3 f6 14. Bg3 b5 15. axb5 cxb5 16. Na3 Bb7 17. 0-0 0-0 18. Qb3 Qd5 19. Qxd5 Bxd5 20. Rfc1 Rfc8 21. Nb1 b4 22. Ra4 a5 23. f3 Bc6 24. Ra1 b3 25. Rd1 a4 26. c4 a3 27. Rd3 a2 28. Nc3 b2 29. Rdd1 bxa1Q 30. Rxa1 Ra6 31. Nxa2 Rca8 0-1

[Event "San Luis Don Lucero Cup 1st"]
[Site "San Luis"]
[Date "2016.01.17"]
[Round "5"]
[White "Gonzalez, Mauro"]
[Black "Tejada, Gonzalo"]
[Result "1-0"]
[WhiteElo "1872"]
[BlackElo "1345"]
[PlyCount "83"]
[EventDate "2016.01.15"]
[EventType "swiss"]
[EventRounds "6"]
[EventCountry "ARG"]
[SourceTitle "EXT 2017"]
[Source "ChessBase"]
[SourceDate "2016.10.25"]
[SourceVersion "1"]
[SourceVersionDate "2016.10.25"]
[SourceQuality "1"]

1. e4 c5 2. Nc3 d6 3. f4 Nf6 4. h3 g6 5. g3 Bg7 6. Bg2 0-0 7. Nf3 Nc6 8. 0-0 Nh5 9. Ne2 Qb6 10. g4 Nf6 11. Ng3 Nd7 12. c3 c4+ 13. Kh2 Nc5 14. Ne1 e5 15. f5 Nd7 16. d3 Qc5 17. Qe2 Na5 18. Be3 Qc6 19. d4 exd4 20. cxd4 Qb6 21. Nf3 Qc7 22. h4 b6 23. h5 Ba6 24. Rf2 Nf6 25. Kh3 d5 26. e5 Ne4 27. Nxe4 dxe4 28. Ng5 f6 29. Ne6 Qb7 30. Nxf8 c3 31. Qc2 cxb2 32. Rb1 Bd3 33. Qxd3 exd3 34. Bxb7 Nxb7 35. Ne6 Na5 36. a3 Bf8 37. fxg6 fxe5 38. g7 Bxa3 39. Rbf1 b1Q 40. Rf8+ Bxf8 41. gxf8Q+ Rxf8 42. Rxf8# 1-0